Objets de Mario Kart par image - Statistiques

Statistiques générales
  • Ce quiz a été pris 639 fois
  • Le résultat moyen est 17 sur 23
Statistiques - réponses
Par images Réponse % Correct
Pièce
99%
Banane
97%
Boo
94%
Plume Acrobate
93%
champignon
91%
Carapace verte
89%
Éclair
87%
Super étoile
86%
Carapace rouge
84%
Bob-omb
82%
Carapace à épine
80%
Fleur boomerang
75%
Fleur de feu
67%
Plante piranha
67%
champignon doré
66%
Grand huit
66%
Bill ball
61%
Triples bananes
61%
Super klaxon
57%
Triples champignons
57%
Triples carapaces vertes
56%
Triples carapaces rouges
54%
Bloups
53%
Aucun quiz correspondant
Distribution des résultats
% des personnes avec chaque résultat
Percentile par nombre de réponses
Votre historique - résultats
Vous n’avez pas pris ce quiz